Statistics for Every stadium to hold Premier League football

Click here to take the quiz!

General Stats

  • This quiz has been taken 33 times
    (9 since last reset)
  • The average score is 18 of 57

Answer Stats

Answer% Correct
Anfield
86%
Emirates Stadium
86%
Old Trafford
86%
White Hart Lane
86%
Craven Cottage
71%
Highbury
71%
St James Park
71%
Boleyn Ground
57%
The Hawthorns
57%
Vicarage Road
57%
Goodison Park
57%
Stamford Bridge
57%
Etihad Stadium
57%
Selhurst Park
57%
Bet365 Stadium
43%
Elland Road
43%
Maine Road
43%
St Marys
43%
DW Stadium
43%
Stadium of Light
43%
The Valley
43%
Villa Park
43%
London Stadium
43%
Loftus Road
29%
St Andrews
29%
Pride Park
29%
Valley Parade
29%
Wembley
29%
Hillsborough
29%
KCOM Stadium
29%
Bramall Lane
29%
The Dell
29%
Baseball Ground
29%
Ewood Park
29%
Riverside Stadium
14%
Boundary Park
14%
Cardiff City Stadium
14%
Turf Moor
14%
City Ground
14%
County Ground
14%
Dean Court
14%
King Power
14%
Filbert Street
14%
Oakwell
14%
Molineux
14%
Macron Stadium
14%
Bloomfield Road
0%
Portman Road
0%
Ayresome Park
0%
Fratton Park
0%
Madjeski Stadium
0%
Carrow Road
0%
Highfield Road
0%
Burnden Park
0%
Amex Stadium
0%
Liberty Stadium
0%
Roker Park
0%

Score Distribution

Percentile by Number Answered

Percent of People with Each Score

Your Score History

You have not taken this quiz since the last reset